Twenty one pilots screaming - Statistics

General Stats
  • This quiz has been taken 96 times
  • The average score is 10 of 15
Answer Stats
songs Answer % Correct
ENTERTAIN MY FAITH Holding on to you
91%
AND NOW I JUST SIT Car radio
89%
HELLO Trees
89%
DONT LET ME BE Goner
85%
THEN IVE EVER BEEN Tear in my heart
80%
TAKING MY TIME Ride
78%
YOURE AN ANGEL Ruby
65%
LEAVE ME ALONE Kitchen sink
64%
I NEED YOU TO STAY The run and go
64%
FOLLOW ME INSTEAD March to the sea
61%
LOSE YOUR MIND The pantaloon
54%
FINISH THIS WASTE Trapdoor
53%
FIND ME Polarize
36%
SAVE US NOW Slowtown
27%
COME OUT Lovely
15%
No matching quizzes found
Score Distribution
Percent of People with Each Score
Percentile by Number Answered
Your Score History
You have not taken this quiz